000 00646nam a2200217 i 4500
001 60766
003 ES-MaACL
005 20230906164312.0
007 t|
008 031106s1973 sp |||| | spa d
080 _a914.651:(234.1 Pirineos)
080 _a914.651.1 Belagua
100 1 _aEstornés Lasa, José.
_948184
245 1 0 _aNuestro Pirineo y la defensa de la naturaleza
_b. Belagua /
_cJosé Estornés Lasa.
246 1 0 _aBelagua
260 _aSan Sebastián :
_bAuñamendi,
_c[1973]
300 _a221 p. ;
_c19 cm.
651 4 _aPirineos navarros (España)
_9151319
852 _aES-MaACL
_jC-53195
852 _aES-MaACL
_jC-54569
999 _c60766
_d60766